000 00483nam a2200169 a 4500
005 20140414132115.0
008 121024s19uu xx 00 eng d
020 _a9831872193
050 _aTR 372.622
_bM214 2004
100 _aMah, May S.M.
245 _aMay and Jay stay away from the rain :
_bbook 6.
260 _aMalaysia :
_bRhythm Pub. Co. Sdn.Bhd,
_c2004.
300 _a24
440 _aPhonics-in-reading
650 _aReading-
_xphonics-
_xlong a sound.
999 _c114891
_d114891